Nociones de taxidermia / (Record no. 154783)
[ view plain ]
| 000 -LEADER | |
|---|---|
| campo de control de longitud fija | 00931nam a2200205 i 4500 |
| 001 - NÚMERO DE CONTROL | |
| campo de control | 154783 |
| 003 - IDENTIFICADOR DE NÚMERO DE CONTROL | |
| campo de control | ES-MaACL |
| 005 - FECHA Y HORA DE LA ÚLTIMA TRANSACCIÓN | |
| campo de control | 20251124063456.0 |
| 008 - DATOS DE LONGITUD FIJA--INFORMACIÓN GENERAL | |
| campo de control de longitud fija | 950622s1849 sp a |||| | spa d |
| 040 ## - FUENTE DE CATALOGACIÓN | |
| Centro catalogador/agencia de origen | CAT |
| Lengua de catalogación | spa |
| Centro/agencia transcriptor | CAT |
| Centro/agencia modificador | CCPB |
| 100 1# - ENTRADA PRINCIPAL--NOMBRE DE PERSONA | |
| Nombre de persona | Grau y Bassas, Juan, |
| Fechas asociadas al nombre | n. 1819 |
| 9 (RLIN) | 127543 |
| 245 10 - MENCIÓN DEL TÍTULO | |
| Título | Nociones de taxidermia / |
| Mención de responsabilidad, etc. | por Juan Grau Bassas ; obra aprobada por los señores catedráticos de historia natural de esta universidad Cipriano de Uribarri y Antonio Sánchez Comendador. |
| 260 ## - PUBLICACIÓN, DISTRIBUCIÓN, ETC. | |
| Lugar de publicación, distribución, etc. | Barcelona : |
| Nombre del editor, distribuidor, etc. | [s.n.], |
| Fecha de publicación, distribución, etc. | 1849 ( |
| Fabricante | Imprenta de A. Frexas) |
| 300 ## - DESCRIPCIÓN FÍSICA | |
| Extensión | 144 p., [2] h. de lám. ; |
| Dimensiones | 15 cm. |
| 650 #4 - PUNTO DE ACCESO ADICIONAL DE MATERIA--TÉRMINO DE MATERIA | |
| Término de materia o nombre geográfico como elemento de entrada | Taxidermia. |
| 9 (RLIN) | 136904 |
| 700 1# - ENTRADA AGREGADA--NOMBRE PERSONAL | |
| Nombre de persona | Uribarri, Cipriano de. |
| 9 (RLIN) | 133455 |
| 700 1# - ENTRADA AGREGADA--NOMBRE PERSONAL | |
| Nombre de persona | Sánchez Comendador, Antonio, |
| Fechas asociadas al nombre | 1823-1888 |
| 9 (RLIN) | 133008 |
| 852 ## - LOCALIZACIÓN | |
| Ubicación | ES-MaACL |
| Número de control de estantería | T-645-F-8 |
| Nota libre | -- Enc. hol. |
| -- | -- Ded. ms. a la biblioteca de "Los Escolares Médicos" del socio fundador Justo Sanz? Diez |
| Estatus retirado | Estado de pérdida | Estado de daño | No para préstamo | Colección | Biblioteca de origen | Biblioteca actual | Ubicación en estantería | Fecha de adquisición | Total de préstamos | Signatura topográfica completa | Código de barras | Visto por última vez | Precio de reemplazo | Tipo de ítem Koha |
|---|---|---|---|---|---|---|---|---|---|---|---|---|---|---|
| Colección de folletos | Biblioteca del Ateneo de Madrid | Biblioteca del Ateneo de Madrid | Depósito folletos | 17/01/2008 | T-645-F-8 | 1161893 | 23/02/2023 | 23/02/2023 | Folleto |
